| 000 | 00898nas a2200277 4500 | ||
|---|---|---|---|
| 001 | BR6007967 | ||
| 003 | BR-BrBNA | ||
| 005 | 20231205082043.0 | ||
| 007 | ta | ||
| 008 | 230509b bl.|||p| |||| 00| 00por d | ||
| 040 |
_aBR-BrBNA _bpor _cBiblioteca Nacional de Agricultura |
||
| 041 | _a(Pt) | ||
| 072 | _aF30; F00 | ||
| 100 | 1 | _aSilva, N.M. | |
| 100 | 1 | _aAlves, J.F. | |
| 100 | 1 | _aMoreira, J.A.N. | |
| 245 | 1 | _aMelhoramento genetico do algodoeiro moco, Gossypium hirsutum Marie Galante Hutch, 2: Performance dos Bulks C e G no sertao central do Estado do Ceara, Brasil (Dados de Producao)[Linhagem] | |
| 650 | _aGENETICA VEGETAL | ||
| 650 | _aALGODAO MOCO | ||
| 650 | _aLINHAGEM | ||
| 650 | _aPERFORMANCE | ||
| 650 | _aCEARA | ||
| 773 | 0 |
_tCiencia Agronomica (Brazil) _x _g(Dec 1975), v. 5(1-2) p. 91-94 _wBR6007967 |
|
| 909 |
_a202311 _bLúcia _c55 _dLúcia Elande |
||
| 942 |
_2AGRIS _n0 _cANA |
||
| 999 |
_c88855 _d88855 |
||